[Event "Oberfranken-ch op 0607"]
[Site "Schney"]
[Date "2007.01.03"]
[Round "3"]
[White "Popp, Matthias"]
[Black "Eiglsperger, Jan"]
[Result "1-0"]
[WhiteElo "824"]
[BlackElo "951"]
[PlyCount "60"]
[EventDate "2007.01.02"]
[EventType "swiss"]
[EventRounds "9"]
[EventCountry "GER"]
[SourceTitle "EXT 2024"]
[Source "ChessBase"]
[SourceDate "2023.10.10"]
[SourceVersion "1"]
[SourceVersionDate "2023.10.10"]
[SourceQuality "1"]

1. d4 d5 2. Nc3 Nf6 3. Nf3 Nc6 4. h3 Bf5 5. e3 Nb4 6. a3 Nxc2+ 7. Kd2 Nxa1 8. Qa4+ c6 9. Bb5 Bc2 10. Bxc6+ bxc6 11. Qxc6+ Nd7 12. Qxd5 e6 13. Qb5 Be7 14. Ke2 0-0 15. e4 f5 16. Qc4 Bb3 17. Qc6 Rc8 18. Qb7 Bc4+ 19. Kd1 Rc7 20. Qxc7 Qxc7 21. Bg5 Bxg5 22. Nxg5 Qb6 23. Kc1 Rb8 24. Nd1 Bb3 25. Nc3 Qxd4 26. Rd1 Bxd1 27. Nxd1 Rc8+ 28. Nc3 Nb3+ 29. Kc2 Nbc5 30. Nb5 Qd3+ 1-0

[Event "Oberfranken-ch op 0607"]
[Site "Schney"]
[Date "2007.01.03"]
[Round "5"]
[White "Trinkwalter, Jan"]
[Black "Eiglsperger, Jan"]
[Result "1/2-1/2"]
[WhiteElo "1001"]
[BlackElo "951"]
[PlyCount "45"]
[EventDate "2007.01.02"]
[EventType "swiss"]
[EventRounds "9"]
[EventCountry "GER"]
[SourceTitle "EXT 2024"]
[Source "ChessBase"]
[SourceDate "2023.10.10"]
[SourceVersion "1"]
[SourceVersionDate "2023.10.10"]
[SourceQuality "1"]

1. d4 d5 2. c4 Nf6 3. Nc3 e6 4. Bg5 Be7 5. Nf3 Bd7 6. e3 Nc6 7. c5 0-0 8. Bd3 b6 9. b4 Nxb4 10. Rb1 bxc5 11. dxc5 Bxc5 12. 0-0 Bc6 13. a3 Rb8 14. axb4 Bxb4 15. Na2 Be7 16. Bc2 g6 17. Qd4 Ra8 18. Rfc1 a5 19. Bxg6 fxg6 20. Rxc6 Ne4 21. Bxe7 Qxe7 22. Qe5 Nd6 23. g3 1/2-1/2

[Event "Oberfranken-ch op 0607"]
[Site "Schney"]
[Date "2007.01.02"]
[Round "2"]
[White "Eiglsperger, Jan"]
[Black "Kunz, Andreas"]
[Result "1/2-1/2"]
[WhiteElo "951"]
[BlackElo "780"]
[PlyCount "39"]
[EventDate "2007.01.02"]
[EventType "swiss"]
[EventRounds "9"]
[EventCountry "GER"]
[SourceTitle "EXT 2024"]
[Source "ChessBase"]
[SourceDate "2023.10.10"]
[SourceVersion "1"]
[SourceVersionDate "2023.10.10"]
[SourceQuality "1"]

1. e4 e5 2. Nf3 Nc6 3. Bc4 Nf6 4. d3 Bc5 5. Bg5 0-0 6. Nc3 d6 7. 0-0 h6 8. Bh4 Bg4 9. Nd5 Rc8 10. Nxf6+ gxf6 11. c3 Kh8 12. Qd2 Kh7 13. d4 exd4 14. cxd4 Bb4 15. Qe3 Rg8 16. e5 dxe5 17. dxe5 Be7 18. Qe4+ f5 19. Bxe7 Qxe7 20. Rfe1 1/2-1/2